=LDR 00000nam 2200000 4500 =001 INLIS000000000056955 =005 20201116102612 =035 ##$$a 0010-1120000026 =007 ta =008 201116################g##########0#ind## =082 ##$$a 320.120 59 =084 ##$$a 320.120 59 HEI k =100 #$$a Heine, Robert =245 1#$$a Konsepsi tentang negara dan kedudukan raja di Asia Tenggara /$c Robert Heine; Penerjemah, Deliar Noer =260 ##$$a Jakarta :$b Rajawali,$c 1982 =300 ##$$a xv, 34 hlm ; $c 20 x 14 cm =504 ##$$a Bibliografi: halaman 33-34 =600 #4$$a Ilmu politik =990 ##$$a 517/pro/82